Personnages de Harry Potter par lettre - A - Statistiques

Statistiques générales
  • Ce quiz a été pris 1 533 fois
    1 220 depuis la dernière actualisation
  • Le résultat moyen est 10 sur 22
Statistiques - réponses
Indice Personnage % Correct
Vieux sorcier à la barbe aussi grande que sa puissance Albus Dumbledore
99%
Père de Ron Weasley Arthur Weasley
90%
Le concierge de Poudlard Argus Rusard
82%
Il vous observe avec son œil magique Alastor Maugrey
79%
Acromentule que notre cher Hagrid porte dans son cœur Aragog
72%
Il fut nommé en l'honneur de deux directeurs de Poudlard Albus Severus Potter
51%
Mère de Neville, victime des sortilèges de Bellatrix Lestrange Alice Londubat
51%
Fier père de Cédric Diggory Amos Diggory
51%
Future épouse de George Weasley Angelina Johnson
47%
Barman de La Tête de Sanglier Abelforth Dumbledore
43%
Sœur de Bellatrix Lestrange et mère de Nymphadora Tonks Andromeda Tonks
36%
Amycus Carrow
33%
Frère et sœur Mangemort qui on été professeur à Poudlard quand Voldemort en avait le contrôle Alecto Carrow
32%
Cracmol qui habite Little Whinging Arabella Figg
31%
Son tableau cache un passage reliant Pré-au-Lard à Poudlard Ariana Dumbledore
29%
Le petit boursouflet de Ginny Arnold
24%
Victime de la potion de Polynectar de Harry lorsque le trio s'introduit au Ministère de la Magie Albert Runcorn
22%
Mangemort responsable de la mort de Remus Lupin Antonin Dolohov
22%
Enseigne l'astronomie à Poudlard Aurora Sinistra
22%
Elle a élevé, de façon stricte, son petit-fils Neville Augusta Londubat
21%
Maître d'origine de la Baguette de Sureau Antioche Peverell
18%
Sorcière qui fut à la tête du département de la justice magique Amelia Bones
14%
Aucun quiz correspondant
Distribution des résultats
% des personnes avec chaque résultat
Percentile par nombre de réponses
Votre historique - résultats
Vous n’avez pas pris ce quiz depuis la dernière actualisation